00424nam a2200181 a 4500001001300000003000900013005001700022008004100039020001000080082001300090100001500103245002000118260003500138300000900173500003500182505001000217700001500227nice12345678IN_TiNIC20260116011753.0050524s1931 hyda grp 000 0 urd  ac10000a940bGRA aGrant, A J aTarikh-E-Europe aHyderabadbJamia Osmaniac1931 a936p aincludes index and biblioraphy2 aIndex1 aGrant, A J